00473nam a22001697a 450000500170000000800410001702000150005802200150007304100120008808200120010010000120011224500570012425000200018126000460020130000310024765000250027820240923123035.0240923b |||||||| |||| 00| 0 eng d a0409012688 a0409004480 aEnglish a349 JOU lEnglish aThe Law of South Africa / cWA Joubert and JA Faris  aSecond Edition  aDurban: bLexisNexis Butterworths, c2003 bviii, 431 pages; c26 cm.  aLegal practice bLaw